Kitāb Aʻjab al-ʻajab fī sharḥ Lāmīyat al-ʻArab /

Saved in:

Main Author: Zamakhsharī, Maḥmūd ibn ʻUmar, 1075-1144 (Author)

Format: Book

Language: Arabic

Published: Miṣr : [publisher not identified], 1328 [1910].

Edition: al-Ṭabʻah 3.

Subjects:

Tags: Add Tag

No Tags, Be the first to tag this record!

Call Number: PJ7696 .S5 Z972 1910

LEADER 02129cam a2200349Ii 4500
001 ocn151690592
003 OSt
005 20240228072942.0
008 020117s1910 ua 000 0 ara d
999 |c 57118  |d 57118 
040 |c ARCE Library 
050 4 |a PJ7696 .S5 Z972 1910 
100 1 |6 880-01  |a Zamakhsharī, Maḥmūd ibn ʻUmar,  |d 1075-1144,  |e author 
240 1 0 |6 880-02  |a Aʻjab al-ʻajab fī sharḥ Lāmīyat al-ʻArab. 
245 1 0 |6 880-03  |a Kitāb Aʻjab al-ʻajab fī sharḥ Lāmīyat al-ʻArab /  |c li-Maḥmūd ibn ʻUmar al-Zamakhsharī. 
246 3 3 |6 880-04  |a Kitāb Sharḥ al-Maqṣūrat al-Duraydīyah. 
246 3 3 |6 880-05  |a Sharḥ al-Maqṣūrat al-Duraydīyah. 
250 |a al-Ṭabʻah 3. 
264 1 |6 880-06  |a Miṣr :  |b [publisher not identified],   |c 1328 [1910]. 
300 |a 136 pages ;   |c 24 cm. 
336 |2 rdacontent  |a text  |b txt 
337 |2 rdamedia  |a unmediated  |b n 
338 |2 rdacarrier  |a volume  |b n 
501 |a Bound with: Layālī saṭīḥ / taʼlīf Muḥammad Ḥāfiẓ Ibrāhīm -- Naḥnu wa-al-Ruqīy / Saliḥ Ḥamdī Ḥammād -- Maṭmaḥ al-fuṣaḥāʼ : inshāʼ wa-taʼlīf al-ḍaʻīf / ʻAlī Fuʼād al-Munūfī -- Amthāl al-'Arab / lil-Mufaḍḍal al-Ḍabbī -- al-Ḥikmah wa-al-ḥukamā' / Tantāwī Jawharī -- Khutbah : Murāsalāt al-'Arab wa-mā kānū yuʼarrikhūn bi-hi wa-uslūbahum fī dhālik / 'Alī Afandī Hāmid --al-Samar / Muḥammad al-Sibā'ī -- al-Radd 'alá al-dahriyīn / Jamāl al-Dīn al-Afghānī. -- Sharh al-Mu'allaqāt al-sab' / Husayn ibn Ahmad al-Zawzanī. 
541 |a From Mahmoud Saba's personal library collection. 
590 |a SPCL copy is imperfect: title page and all after p. 140 wanting. 
600 1 0 |6 880-07  |a Ibn Durayd, Muḥammad ibn al-Ḥasan,  |d 837 or 838-933.  |t Maqṣūrah. 
880 1 |6 100-01/(3/r  |a زمخشري, محمود بن عمر,  |d 1075-1144. 
880 1 0 |6 240-02/(3/r  |a أعجب العجب في شرح لامية العرب 
880 1 0 |6 245-03/(3/r  |a كتاب أعجب العجب في شرح لامية العرب   |c لمحمود بن عمر الزمخشري. 
901 |a reviewed 
942 |2 lcc  |c BK